[Event "World Corporate East E"]
[Site "Chess.com INT"]
[Date "2021.02.20"]
[Round "4.1"]
[White "Antony, R."]
[Black "Jirka, Jiri"]
[Result "1/2-1/2"]
[WhiteElo "2059"]
[BlackElo "2392"]
[PlyCount "122"]
[EventDate "2021.02.19"]
[EventType "team (rapid)"]
[EventRounds "7"]
[EventCountry "USA"]
[SourceTitle "EXT 2022"]
[Source "ChessBase"]
[SourceDate "2021.10.06"]
[SourceVersion "1"]
[SourceVersionDate "2021.10.06"]
[SourceQuality "1"]
[WhiteTeam "Tata Consultancy Services Chennai"]
[BlackTeam "CSOB"]
[WhiteTeamCountry "IND"]
[BlackTeamCountry "CZE"]

1. e4 e5 2. Nf3 Nc6 3. Bb5 a6 4. Ba4 Nge7 5. 0-0 g6 6. c3 Bg7 7. d4 exd4 8. cxd4 b5 9. d5 bxa4 10. dxc6 Nxc6 11. Qxa4 0-0 12. Nc3 Rb8 13. a3 Bb7 14. Bg5 f6 15. Bf4 Ne5 16. Nxe5 fxe5 17. Bg3 Bc6 18. Qc4+ Kh8 19. b3 Qc8 20. Rfd1 Qb7 21. b4 d6 22. Rac1 Rfc8 23. f3 Be8 24. Bf2 Bh6 25. Rc2 Kg7 26. Qe6 Bf7 27. Qe7 Re8 28. Qd7 Rbd8 29. Qa4 Re7 30. Nd5 Red7 31. Rc6 Ra8 32. Qc2 a5 33. Rxc7 Rxc7 34. Qxc7 Qxc7 35. Nxc7 Rc8 36. Nd5 axb4 37. axb4 Rb8 38. Be3 Bxd5 39. Bxh6+ Kxh6 40. Rxd5 Rxb4 41. Rxd6 Kg5 42. Kf2 h5 43. Kg3 h4+ 44. Kh3 Rb8 45. Re6 Rb5 46. g3 hxg3 47. hxg3 Rc5 48. Re8 Rb5 49. Rf8 Rb3 50. f4+ exf4 51. Rxf4 Re3 52. Rg4+ Kh5 53. Rh4+ Kg5 54. Kg2 Re1 55. Rf4 Kh5 56. Kf2 Ra1 57. e5 Ra2+ 58. Kf3 Ra3+ 59. Kf2 Ra2+ 60. Kf3 Ra3+ 61. Kf2 Ra2+ 1/2-1/2